Crayola colored pencil colors Quiz Stats

 Plays Quiz not verified by Sporcle

Score 0/50 Timer 08:00
0 Plays Today
% Correct
Blue
95.3%
Red
95.3%
Green
93.8%
Violet
93.8%
Black
93%
Yellow
92.2%
Brown
89.1%
White
86.7%
Pink
80.5%
Gray
77.3%
Gold
76.6%
Orange
74.2%
Red-Orange
72.7%
Sky Blue
71.9%
Silver
71.9%
Yellow-Green
70.3%
Light Brown
69.5%
Light Blue
62.5%
Tan
60.9%
Peach
60.2%
Magenta
57.8%
Navy Blue
57.8%
Teal
55.5%
Yellow-Orange
53.9%
Dark Brown
50.8%
% Correct
Lime Green
50.8%
Turquoise
50%
Maroon
49.2%
Green-Blue
43.8%
Pine Green
39.1%
Mahogany
38.3%
Light Orange
37.5%
Salmon
37.5%
Lemon Yellow
37.5%
Cerulean
37.5%
Raspberry
35.2%
Slate
33.6%
Aqua Green
32.8%
Golden Yellow
32.8%
Taupe
30.5%
Jade Green
29.7%
Sand
28.1%
Orchid
27.3%
Cool Gray
25.8%
Bubble Gum
24.2%
Mauve
24.2%
Mango
24.2%
Bronze Yellow
23.4%
Hazel
23.4%
Pale Rose
20.3%

You're not logged in!

Compare scores with friends on all Sporcle quizzes.
OR
Log In

Show Comments

Extras

Created Nov 28, 2010ReportNominate
Tags:Color Quiz, Crayola Colors

Top Quizzes Today


Score Distribution

Your Account Isn't Verified!

In order to create a playlist on Sporcle, you need to verify the email address you used during registration. Go to your Sporcle Settings to finish the process.

Report this User

Report this user for behavior that violates our Community Guidelines.

Details: